000 02315nam a2200601 i 4500
001 10670
003 KOSZ 005
005 20210217093554.0
008 200228s1966 pl ab f f |000 0 pol
015 _aPB 1966/8054
035 _a991037118609705066
035 _a(PL-WaBN)b19959084-48omnis_nlop
035 _ab19959084
035 _a(OCoLC)749143931
035 _a(PL)b0000001995908
035 _a(EXLNZ-48OMNIS_NETWORK)9910484046505606
040 _aWA N
_cWA N
_dKOSZ 005/RW
046 _k1966
080 _a624.131
080 _a(075.8)
245 0 0 _aGruntoznawstwo techniczne /
_cWładysław Kollis [et al.] ; redakcja Zygmunt Mikucki.
260 _aWarszawa :
_b"Arkady",
_c1966.
300 _a357, [3] stron :
_bilustracje, mapy ;
_c25 cm.
336 _aTekst
_btxt
_2rdacontent
337 _aBez urządzenia pośredniczącego
_bn
_2rdamedia
338 _aWolumin
_bnc
_2rdacarrier
380 _aKsiążki
380 _aPublikacje dydaktyczne
380 _aPublikacje fachowe
388 _a1901-2000
504 _aBibliografia przy rozdziałach.
521 8 _aKsiążka przeznaczona jest jako podręcznik dla studentów wyższych szkół rolniczych, może być ponadto wykorzystana przez inżynierów i techników budowlanych.
650 7 _aGeologia inżynierska
_2DBN
650 7 _aGrunt
_2DBN
650 7 _aMechanika gruntów
_2DBN
655 7 _aPodręczniki akademickie
_2DBN
658 _aInżynieria i technika
658 _aGeografia i nauki o Ziemi
700 1 _aKollis, Władysław
_d(1897-1961)
_eAutor
700 1 _aHerfurt, Stanisław
_eAutor
700 1 _aKowalski, Witold Cezariusz
_d(1919-2004)
_eAutor
700 1 _aMikucki, Zygmunt
_eAutor
_eRedakcja
700 1 _aPoźniak, Regina
_eAutor
700 1 _aSomorowski, Czesław
_eAutor
700 1 _aTurek, Stanisław
_c(hydrogeolog)
_eAutor
700 1 _aWolski, Wojciech
_d(1930- )
_eAutor
700 1 _aŻbikowski, Armand
_d(1910-1995)
_eAutor
710 2 _aWydawnictwo Arkady
_4pbl
700 1 _aMioduszewski, Waldemar
_d(1938-2017)
_eAutor
856 _uhttp://koha.tu.koszalin.pl/cgi-bin/koha/opac-detail.pl?biblionumber=10670
_yKatalog online BPK
942 _2UKD
_cKS
999 _c10670
_d10670